000 00689nam a2200229 a 4500
001 12918
003 BD-JhCC
005 20230604094348.0
008 230604s2018 b |||| |||| 000 0 b d
020 _a9789849308560
035 _a(BD-JhCC)12918
040 _aBD-JhCC
_dBD-JhCC
041 _aben
082 _a297.74
_bARF 2018
100 _aআরেফীন, ডা. শামসুল
245 _aকষ্টিপাথর /
_cডা. শামসুল আরেফীন
260 _aঢাকা :
_bবুদ্ধি,
_c২০১৮
300 _a১৭৬ পৃ, :
_c২১ সেমি.
650 _aDawah
650 _aReligious Life--- Islam
942 _2ddc
_cBK
999 _c12918
_d12918